000 00952nam a2200253 i 4500
001 171901
003 ES-MaACL
005 20250808062816.0
008 090608s1982 sp |||| | spa d
017 _aM 38945-1982
020 _a84-220-1082-8
100 0 _aCrisógono de Jesús Sacramentado (
_d1904-1945)
_941621
245 1 0 _aVida de San Juan de la Cruz /
_cobra póstuma de Crisógono de Jesús Sacramentado ; edición preparada y anotada por Matías del Niño Jesús.
250 _a11ª ed.
260 _aMadrid :
_bLa Editorial Católica,
_c1982.
300 _aXXIV, 426 p., 1 h. ;
_c20 cm.
490 1 _aBiblioteca de autores cristianos ;
_v435
504 _aBibliografía : p. XV-XXI. Índices.
600 0 4 _aJuan de la Cruz
_cSanto-
_xBiografías.
_967111
700 0 _aMatías del Niño Jesús.
_979064
830 0 0 _aBiblioteca de autores cristianos
_v435
_9178679
852 _aES-MaACL
_jJ-424
_9R.46092
999 _c171901
_d171901